Statistics for Parasympathetic nervous system or Sympathetic nervous system

Click here to take the quiz!

General Stats

  • This quiz has been taken 22 times
  • The average score is 7 of 10

Answer Stats

QuestionAnswer% Correct
slows the heartParasympathetic
89%
Dilates bronchi (causes faster breathing)Sympathetic
89%
Secretes adrenalineSympathetic
89%
Increases digestive functions of stomach & pancreasParasympathetic
79%
Inhibits salivation and increases sweatingSympathetic
79%
Constricts pupilsParasympathetic
63%
Decreases digestive functions of intestinesSympathetic
58%
Inhibits bladder contractionSympathetic
58%
stimulates blood flow to the genital organs ;)Parasympathetic
47%
Inhibits tear glandsParasympathetic
37%

Score Distribution

Percentile by Number Answered

Percent of People with Each Score

Your Score History

You have not taken this quiz